| 000 | 00794nam a2200289Ia 4500 | ||
|---|---|---|---|
| 008 | 160803s9999 xx 000 0 und d | ||
| 020 | _a 978-0545021364 | ||
| 100 | _aStilton, Geronimo | ||
| 245 | _aGeronimo's Valentine / | ||
| 245 | _cGeronimo Stilton. | ||
| 260 | _aNew York : | ||
| 260 | _bScholastic Inc. | ||
| 260 | _c2009 | ||
| 300 | _a103 pages : | ||
| 300 | _bcolor illustrations, color maps ; | ||
| 300 | _c20 cm. | ||
| 440 | _aGeronimo Stilton ; | ||
| 440 | _vbk. 36 | ||
| 500 | _a"English translation ... by Atlantyca S.p.A."--Title page verso. | ||
| 650 | _aMice -- | ||
| 650 | _aStilton, Geronimo -- | ||
| 650 | _aValentine's Day -- | ||
| 650 | _xJuvenile fiction. | ||
| 650 | _xJuvenile fiction. | ||
| 650 | _xJuvenile fiction. | ||
| 700 | _a520 | ||
| 999 |
_c298229 _d298229 |
||